000 00935nam a2200253 a 4500
003 MX-MxUPN
005 20240426063705.0
008 991125s1941 mx a r 000 0 spa d
035 _aUPN01000028249
040 _aMX-MxUPN
_bspa
_cMX-MxUPN
041 0 _aspa
049 _aLT
050 4 _aLB1572 M6
_bR6.3
100 1 _aRomero Flores, Jesús,
_d1885-1987
_929429
245 1 0 _aHistoria de Michoacán :
_bpara uso de las escuelas primarias /
_cJesús Romero Flores
260 _aMéxico, D.F. :
_bEl Nacional,
_c1941
300 _a244 p. :
_bil
490 0 _aBiblioteca del maestro
586 _a"Obra premiada en el Gran Concurso Nacional para la redacción de textos elementales de historia y geograía, convocada por la Secretaría de Educación Pública y El Nacional"--portada.
651 4 _aMichoacán
_xHistoria
_xEstudio y enseñanza (Elemental)
_944972
904 _aAC
_b028250
905 _aLibro
942 _2lcc
_cLIBRO
999 _c28249
_d28249